[Event "Malaga op 16th"]
[Site "Malaga"]
[Date "2022.11.01"]
[Round "9"]
[White "Molina Souponitskaia, Alexander"]
[Black "Ramos Moreno, Francisco Jose"]
[Result "1/2-1/2"]
[WhiteElo "1741"]
[BlackElo "2102"]
[PlyCount "61"]
[EventDate "2022.10.27"]
[EventType "swiss"]
[EventRounds "9"]
[EventCountry "ESP"]
[SourceTitle "EXT 2024"]
[Source "ChessBase"]
[SourceDate "2023.10.10"]
[SourceVersion "1"]
[SourceVersionDate "2023.10.10"]
[SourceQuality "1"]

1. e4 d5 2. exd5 Qxd5 3. Nc3 Qd8 4. Bc4 Nf6 5. Nf3 a6 6. a4 Nc6 7. h3 Bf5 8. d3 e6 9. Qe2 Bb4 10. 0-0 0-0 11. Ne4 Be7 12. Ng3 Bg6 13. Nh4 Nd4 14. Qd1 b5 15. Ba2 c5 16. Nxg6 hxg6 17. c3 Nc6 18. Ne4 Nxe4 19. dxe4 Qxd1 20. Rxd1 Rfd8 21. Bf4 Rxd1+ 22. Rxd1 Rd8 23. Rxd8+ Nxd8 24. axb5 axb5 25. Bc7 Kf8 26. Bxd8 Bxd8 27. Kf1 Bg5 28. c4 b4 29. b3 Ke7 30. Ke2 e5 31. Bb1 1/2-1/2

[Event "Malaga op 16th"]
[Site "Malaga"]
[Date "2022.10.30"]
[Round "5"]
[White "Matute Escobar, Roxanny"]
[Black "Ramos Moreno, Francisco Jose"]
[Result "1/2-1/2"]
[WhiteElo "1832"]
[BlackElo "2102"]
[PlyCount "60"]
[EventDate "2022.10.27"]
[EventType "swiss"]
[EventRounds "9"]
[EventCountry "ESP"]
[SourceTitle "EXT 2024"]
[Source "ChessBase"]
[SourceDate "2023.10.10"]
[SourceVersion "1"]
[SourceVersionDate "2023.10.10"]
[SourceQuality "1"]

1. e4 d5 2. exd5 Qxd5 3. Nc3 Qd8 4. d4 Nf6 5. Nf3 Bg4 6. h3 Bxf3 7. Qxf3 c6 8. Be3 e6 9. 0-0-0 Bb4 10. Ne4 Nxe4 11. Qxe4 Qd5 12. Qxd5 cxd5 13. Bd3 0-0 14. Bf4 Nc6 15. c3 Be7 16. Rhe1 Rac8 17. Kb1 Rfd8 18. g4 Bd6 19. Bc1 a6 20. f4 b5 21. f5 e5 22. dxe5 Bxe5 23. g5 f6 24. gxf6 Bxf6 25. Re6 Re8 26. Rd6 Red8 27. Re6 Re8 28. Rd6 Red8 29. Re6 Re8 30. Rd6 Red8 1/2-1/2

[Event "Malaga op 16th"]
[Site "Malaga"]
[Date "2022.10.28"]
[Round "2"]
[White "Ramos Moreno, Francisco Jose"]
[Black "Jarmula, Lukasz"]
[Result "0-1"]
[WhiteElo "2102"]
[BlackElo "2457"]
[PlyCount "108"]
[EventDate "2022.10.27"]
[EventType "swiss"]
[EventRounds "9"]
[EventCountry "ESP"]
[SourceTitle "EXT 2024"]
[Source "ChessBase"]
[SourceDate "2023.10.10"]
[SourceVersion "1"]
[SourceVersionDate "2023.10.10"]
[SourceQuality "1"]

1. e4 e6 2. d4 d5 3. e5 c5 4. Nf3 cxd4 5. Bd3 Nc6 6. 0-0 Nge7 7. Nbd2 Ng6 8. Re1 Bc5 9. Nb3 Bb6 10. Bxg6 hxg6 11. h3 Bd7 12. Nbxd4 Nxd4 13. Nxd4 Ba4 14. b3 Bd7 15. Nf3 Rc8 16. Be3 Ba5 17. Bd2 Bc3 18. Bxc3 Rxc3 19. Re3 Rxe3 20. fxe3 Qc7 21. Qd4 Qxc2 22. Ng5 Qf5 23. h4 f6 24. Nf3 0-0 25. Rc1 Bc6 26. b4 a6 27. a4 Bxa4 28. Rc7 Bc6 29. Kh2 Re8 30. Kh1 Rf8 31. Kh2 Qh5 32. Qc5 Re8 33. Re7 g5 34. Rxe8+ Bxe8 35. Qc8 g4 36. Qxe6+ Kh7 37. exf6 gxf3 38. gxf3 Bf7 39. Qe7 Qxh4+ 40. Kg2 Qg5+ 41. Kf2 Qxf6 42. Qxb7 Qb2+ 43. Kg3 Qe5+ 44. Kg2 Bh5 45. Qxa6 Qxe3 46. Qf1 Qd2+ 47. Kg3 Qg5+ 48. Kf2 Qh4+ 49. Kg2 d4 50. Qd3+ Bg6 51. Qc4 Qg5+ 52. Kf2 d3 53. b5 Qd2+ 54. Kg3 Qe1+ 0-1

[Event "Malaga op 15th"]
[Site "Malaga"]
[Date "2021.11.01"]
[Round "7"]
[White "Ramos Moreno, Francisco Jose"]
[Black "Larino Nieto, David"]
[Result "1-0"]
[WhiteElo "2088"]
[BlackElo "2459"]
[PlyCount "107"]
[EventDate "2021.10.29"]
[EventType "swiss"]
[EventRounds "7"]
[EventCountry "ESP"]
[SourceTitle "CBM 204 Extra"]
[Source "ChessBase"]
[SourceDate "2021.11.30"]
[SourceVersion "1"]
[SourceVersionDate "2021.11.30"]
[SourceQuality "1"]

1. e4 d6 2. d4 Nd7 3. Nf3 e6 4. Bc4 h6 5. 0-0 g5 6. Bb3 Bg7 7. c3 Ne7 8. h4 g4 9. Nh2 h5 10. Bg5 c5 11. Na3 b5 12. d5 c4 13. Bc2 Qb6 14. dxe6 fxe6 15. Be3 Qc6 16. Qd2 Bb7 17. Rad1 Be5 18. f4 gxf3 19. Nxf3 0-0-0 20. Nd4 Bxd4 21. cxd4 Rdf8 22. Bg5 Ng6 23. d5 Rxf1+ 24. Kxf1 Qb6 25. Be3 Nc5 26. dxe6 Rd8 27. b4 cxb3 28. axb3 Qc6 29. Rc1 Kb8 30. Qa5 Rf8+ 31. Kg1 a6 32. Bb1 Rg8 33. Bg5 b4 34. Qxb4 Re8 35. Qa5 Rxe6 36. Qd8+ Ka7 37. Nc4 Ne5 38. Na5 Qb5 39. Nxb7 Kxb7 40. Qg8 Qb4 41. Be3 Ned7 42. Qf7 Kb8 43. Qg8+ Kb7 44. Qf7 Kb8 45. Qg8+ Kb7 46. Qf7 Rf6 47. Qd5+ Kc7 48. e5 Nxe5 49. Bxc5 dxc5 50. Qxe5+ Rd6 51. Rxc5+ Kb7 52. Be4+ Ka7 53. Rc7+ Kb8 54. Rb7+ 1-0

[Event "Malaga op 15th"]
[Site "Malaga"]
[Date "2021.10.30"]
[Round "3"]
[White "Dominguez Garcia, Francisco"]
[Black "Ramos Moreno, Francisco Jose"]
[Result "1/2-1/2"]
[WhiteElo "1876"]
[BlackElo "2088"]
[PlyCount "60"]
[EventDate "2021.10.29"]
[EventType "swiss"]
[EventRounds "7"]
[EventCountry "ESP"]
[SourceTitle "CBM 204 Extra"]
[Source "ChessBase"]
[SourceDate "2021.11.30"]
[SourceVersion "1"]
[SourceVersionDate "2021.11.30"]
[SourceQuality "1"]

1. e4 d5 2. d3 dxe4 3. dxe4 Qxd1+ 4. Kxd1 Nf6 5. f3 e5 6. Be3 Nbd7 7. Nd2 Bc5 8. Nc4 Bxe3 9. Nxe3 0-0 10. Bc4 Rd8 11. Ke2 Nf8 12. Rd1 Be6 13. c3 Bxc4+ 14. Nxc4 Ne6 15. Nh3 Nd7 16. Rd2 f6 17. Rhd1 Ndf8 18. Na5 Rxd2+ 19. Rxd2 Nd8 20. Nf2 b6 21. Nc4 Nde6 22. g3 Rd8 23. Nd3 Ng6 24. Ne3 Ne7 25. Nb4 Rxd2+ 26. Kxd2 Kf7 27. Nbd5 c6 28. Nxe7 Kxe7 29. Nf5+ Kd7 30. Ne3 Ng5 1/2-1/2

[Event "Malaga-ch"]
[Site "Malaga"]
[Date "2019.02.24"]
[Round "7.3"]
[White "Ramos Moreno, Francisco Jose"]
[Black "Terron Elena, Francisco Miguel"]
[Result "1/2-1/2"]
[WhiteElo "2117"]
[BlackElo "2171"]
[PlyCount "90"]
[EventDate "2019.02.09"]
[EventType "swiss"]
[EventRounds "7"]
[EventCountry "ESP"]
[SourceTitle "EXT 2024"]
[Source "ChessBase"]
[SourceDate "2023.10.10"]
[SourceVersion "1"]
[SourceVersionDate "2023.10.10"]
[SourceQuality "1"]

1. e4 Nc6 2. Nf3 d6 3. d4 Nf6 4. Nc3 g6 5. d5 Nb8 6. Bf4 Bg7 7. Qd2 h5 8. 0-0-0 0-0 9. h3 Nbd7 10. Bh6 Nc5 11. Bxg7 Kxg7 12. Ng5 e5 13. Be2 Rh8 14. g3 Qe7 15. Rde1 Bd7 16. Bf1 Nh7 17. Nxh7 Rxh7 18. h4 Rf8 19. Bh3 Bxh3 20. Rxh3 Qd7 21. Rhh1 f5 22. f4 exf4 23. gxf4 fxe4 24. Nxe4 Nxe4 25. Rxe4 Qf5 26. Rhe1 Kg8 27. Qd4 Rhf7 28. a4 Qg4 29. Rg1 Qf5 30. Rg5 Qf6 31. Qxa7 Re7 32. Rxe7 Qxe7 33. Rxg6+ Kf7 34. Qg1 Qxh4 35. Rg7+ Ke8 36. Qe3+ Kd8 37. Kb1 Qh1+ 38. Ka2 Qxd5+ 39. b3 Re8 40. Qa7 Re7 41. Qb8+ Kd7 42. Rxe7+ Kxe7 43. Qxc7+ Kf6 44. Qd8+ Kf7 45. Qd7+ Kf6 1/2-1/2

[Event "Andalucia-chT Honor Oriental"]
[Site "Andalucia"]
[Date "2018.10.21"]
[Round "4.36"]
[White "Ramos Moreno, Francisco Jose"]
[Black "Almagro Mazariegos, Sebastian"]
[Result "1-0"]
[WhiteElo "2095"]
[BlackElo "2287"]
[PlyCount "51"]
[EventDate "2018.09.30"]
[EventType "team-tourn"]
[EventRounds "7"]
[EventCountry "ESP"]
[SourceTitle "EXT 2020"]
[Source "ChessBase"]
[SourceDate "2019.10.17"]
[SourceVersion "1"]
[SourceVersionDate "2019.10.17"]
[SourceQuality "1"]
[WhiteTeam "Miraflores Smartick"]
[BlackTeam "Casino Primitivo"]
[WhiteTeamCountry "ESP"]
[BlackTeamCountry "ESP"]

1. e4 c5 2. Nc3 d6 3. f4 g6 4. Nf3 Bg7 5. Bc4 Nc6 6. 0-0 Nf6 7. d3 0-0 8. Qe1 Nd4 9. f5 e6 10. Bb3 Nxb3 11. axb3 exf5 12. Qh4 Ng4 13. Qg3 fxe4 14. dxe4 Nf6 15. Qh4 Ng4 16. Qg3 Ne5 17. Bf4 c4 18. Nxe5 dxe5 19. Bxe5 cxb3 20. Nd5 bxc2 21. Bf6 Bxf6 22. Nxf6+ Kg7 23. Qc3 Kh6 24. g4 Rh8 25. g5+ Kxg5 26. Qe3+ 1-0

[Event "ESP-chT CECLUB Div2"]
[Site "Linares"]
[Date "2017.08.12"]
[Round "7.5"]
[White "Jimenez Mompo, Candido"]
[Black "Ramos Moreno, Francisco Jose"]
[Result "0-1"]
[WhiteElo "1993"]
[BlackElo "2067"]
[PlyCount "94"]
[EventDate "2017.08.08"]
[EventType "team"]
[EventRounds "7"]
[EventCountry "ESP"]
[SourceTitle "CBM 179 Extra"]
[Source "ChessBase"]
[SourceDate "2017.08.23"]
[SourceVersion "1"]
[SourceVersionDate "2017.08.23"]
[SourceQuality "1"]
[WhiteTeam "Xeraco CE"]
[BlackTeam "Miraflores Smartick"]
[WhiteTeamCountry "ESP"]
[BlackTeamCountry "ESP"]

1. d4 Nf6 2. c4 e6 3. Nf3 Bb4+ 4. Bd2 Qe7 5. a3 Bxd2+ 6. Nbxd2 d6 7. e4 e5 8. d5 a5 9. b4 0-0 10. Be2 Bd7 11. 0-0 Na6 12. Rb1 g6 13. Ne1 Ne8 14. Nd3 f5 15. f3 axb4 16. axb4 Nf6 17. b5 Nc5 18. Nxc5 dxc5 19. b6 c6 20. Ra1 Rab8 21. Ra7 Nh5 22. Kh1 f4 23. Rf2 Qh4 24. Kg1 Ng3 25. Qa1 Rfe8 26. Nb3 cxd5 27. cxd5 Nxe2+ 28. Rxe2 Bb5 29. Rc2 c4 30. Nc5 Qe7 31. Ne6 Qd6 32. Qa5 Rxe6 33. Qxb5 Qxb6+ 34. Qxb6 Rxb6 35. Rxc4 Rb1+ 36. Kf2 Rb2+ 37. Kf1 Rd8 38. Rc7 b5 39. Rg7+ Kh8 40. Rxh7+ Kg8 41. Rhg7+ Kh8 42. Rxg6 b4 43. Rb7 Ra8 44. Rh6+ Kg8 45. Rg6+ Kf8 46. Rf6+ Ke8 47. Re6+ Kd8 0-1

[Event "Malaga Region-ch"]
[Site "Malaga"]
[Date "2013.01.26"]
[Round "6"]
[White "Gutierrez Curras, Daniel"]
[Black "Ramos Moreno, Francisco Jose"]
[Result "1-0"]
[WhiteElo "2020"]
[BlackElo "2109"]
[PlyCount "181"]
[EventDate "2013.01.12"]
[EventType "swiss"]
[EventRounds "9"]
[EventCountry "ESP"]
[SourceTitle "CBM 152 Extra"]
[Source "ChessBase"]
[SourceDate "2013.02.25"]
[SourceVersion "1"]
[SourceVersionDate "2013.02.25"]
[SourceQuality "1"]

1. e4 d5 2. Nc3 dxe4 3. Nxe4 Nd7 4. Nf3 Ngf6 5. Nxf6+ Nxf6 6. Bc4 e6 7. Qe2 Be7 8. 0-0 0-0 9. d4 c5 10. dxc5 Bxc5 11. Bg5 Be7 12. Rad1 Qc7 13. Bd3 b6 14. Bxf6 Bxf6 15. Qe4 g6 16. c3 Bb7 17. Qe2 Rad8 18. Be4 Bc8 19. Rxd8 Rxd8 20. Rd1 Rxd1+ 21. Qxd1 Qc4 22. Bb1 Ba6 23. Nd2 Qd5 24. Qe1 Bg5 25. Ne4 Be7 26. Qd2 Qb5 27. Qc1 h5 28. b3 Qe2 29. Ng3 Qe5 30. Qe3 Qd5 31. Bc2 Bg5 32. Qe4 h4 33. Qxd5 exd5 34. Nf1 Bf6 35. Ne3 Bxc3 36. Nxd5 Bd2 37. Ne7+ Kf8 38. Nc6 Ke8 39. Nxa7 Kd7 40. a4 Kd6 41. Nb5+ Kc5 42. Bd3 Bb7 43. Kf1 Bd5 44. Bc2 Bf4 45. g3 Be5 46. f4 Bb8 47. Nc3 Be6 48. Na2 Bd6 49. Ke2 Kd4 50. Kd2 h3 51. Bd1 f5 52. Bc2 Bd5 53. Ke2 Be4 54. Bxe4 fxe4 55. b4 Be7 56. a5 bxa5 57. bxa5 Bc5 58. a6 Kc4 59. g4 Kb3 60. f5 gxf5 61. gxf5 Kc4 62. f6 Kb5 63. Nc3+ Kxa6 64. Nxe4 Ba3 65. Ng5 Kb6 66. f7 Kc6 67. Ne6 Kd5 68. f8Q Bxf8 69. Nxf8 Ke4 70. Ne6 Kf5 71. Nd4+ Ke4 72. Nf3 Kf4 73. Ng1 Kg4 74. Kf2 Kf4 75. Nxh3+ Kg4 76. Kg2 Kh4 77. Nf2 Kh5 78. Kg3 Kg5 79. Ng4 Kh5 80. h4 Kg6 81. Ne5+ Kf5 82. Nf3 Kg6 83. Kg4 Kh6 84. Ne5 Kg7 85. Kg5 Kh7 86. Ng4 Kg7 87. Ne3 Kh7 88. Nf5 Kg8 89. Kg6 Kh8 90. Nd6 Kg8 91. Nf7 1-0

[Event "Malaga-ch"]
[Site "Malaga"]
[Date "2012.01.29"]
[Round "7"]
[White "Munoz Pelaez, Manuel"]
[Black "Ramos Moreno, Francisco Jose"]
[Result "0-1"]
[WhiteElo "1794"]
[BlackElo "2111"]
[PlyCount "92"]
[EventDate "2012.01.14"]
[EventType "swiss"]
[EventRounds "9"]
[EventCountry "ESP"]
[SourceTitle "CBM 146 Extra"]
[Source "ChessBase"]
[SourceDate "2012.02.29"]
[SourceVersion "1"]
[SourceVersionDate "2012.02.29"]
[SourceQuality "1"]

1. e4 d5 2. exd5 Qxd5 3. Nc3 Qa5 4. d4 Nf6 5. Nf3 c6 6. Bc4 Bf5 7. Bd2 e6 8. Nd5 Qd8 9. Nxf6+ Qxf6 10. 0-0 Bg4 11. c3 Bxf3 12. Qxf3 Qxf3 13. gxf3 Nd7 14. Rfe1 Nf6 15. Rad1 0-0-0 16. Bg5 Be7 17. Bxf6 Bxf6 18. f4 g6 19. Kg2 Rd6 20. Kf3 Rhd8 21. Bb3 b5 22. Ke4 Kc7 23. Bc2 a5 24. a3 a4 25. Rd3 Rd5 26. Rde3 Be7 27. Kf3 Bd6 28. Rd1 Rh5 29. Rh1 c5 30. dxc5 Bxc5 31. Rd3 Rh3+ 32. Ke2 Rdxd3 33. Bxd3 Kb6 34. f3 Rh4 35. Kf1 Rxf4 36. Kg2 Rh4 37. Rd1 Rh5 38. f4 Rd5 39. Be2 Rxd1 40. Bxd1 Be3 41. f5 exf5 42. b3 Ka5 43. c4 bxc4 44. bxc4 Bc5 45. h4 Bxa3 46. h5 Bc5 0-1

[Event "Malaga-ch"]
[Site "Malaga"]
[Date "2012.01.15"]
[Round "2"]
[White "Espinar Cabello, Sergio"]
[Black "Ramos Moreno, Francisco Jose"]
[Result "0-1"]
[WhiteElo "1851"]
[BlackElo "2111"]
[PlyCount "84"]
[EventDate "2012.01.14"]
[EventType "swiss"]
[EventRounds "9"]
[EventCountry "ESP"]
[SourceTitle "CBM 146 Extra"]
[Source "ChessBase"]
[SourceDate "2012.02.29"]
[SourceVersion "1"]
[SourceVersionDate "2012.02.29"]
[SourceQuality "1"]

1. e4 d5 2. exd5 Qxd5 3. Nc3 Qa5 4. Bc4 Nf6 5. d3 Nc6 6. Nge2 Bd7 7. Bd2 Qh5 8. Ng3 Qxd1+ 9. Rxd1 e6 10. 0-0 0-0-0 11. Nce4 Nd5 12. Rfe1 Nd4 13. c3 Nc6 14. Ng5 Be8 15. Bb5 Nde7 16. b4 a6 17. Bc4 b5 18. Bb3 h6 19. N5e4 Rxd3 20. Nc5 Rd8 21. Nxa6 Nd5 22. Bxd5 Rxd5 23. Bf4 Rxd1 24. Rxd1 g5 25. Be3 Bg7 26. Ne2 e5 27. Rd5 Ne7 28. Rc5 c6 29. c4 bxc4 30. Rxc4 f5 31. b5 Bf7 32. Rc2 Rd8 33. h3 Rd1+ 34. Kh2 f4 35. Bc5 Nd5 36. bxc6 e4 37. a3 Be5 38. g3 h5 39. Nb4 h4 40. Nxd5 Bxd5 41. a4 f3 42. Ng1 hxg3+ 0-1

[Event "Malaga-ch"]
[Site "Malaga"]
[Date "2012.01.14"]
[Round "1"]
[White "Ramos Moreno, Francisco Jose"]
[Black "Echaniz de Fays, Constantino Jose"]
[Result "1/2-1/2"]
[WhiteElo "2111"]
[BlackElo "1833"]
[PlyCount "107"]
[EventDate "2012.01.14"]
[EventType "swiss"]
[EventRounds "9"]
[EventCountry "ESP"]
[SourceTitle "CBM 146 Extra"]
[Source "ChessBase"]
[SourceDate "2012.02.29"]
[SourceVersion "1"]
[SourceVersionDate "2012.02.29"]
[SourceQuality "1"]

1. b4 e6 2. Bb2 Nf6 3. b5 c5 4. e3 d5 5. Nf3 Nbd7 6. a4 Bd6 7. c4 Qc7 8. a5 e5 9. cxd5 e4 10. Ng5 Ne5 11. Nxe4 Nxe4 12. Qa4 c4 13. d4 Nd3+ 14. Bxd3 cxd3 15. Nd2 Nxd2 16. Kxd2 0-0 17. Kxd3 Qe7 18. e4 Re8 19. f3 Bd7 20. Qb3 a6 21. b6 Bb5+ 22. Kc2 Rac8+ 23. Kb1 Rc4 24. e5 Qg5 25. Ra2 Qf5+ 26. Ka1 Rb4 27. Qc3 Rc8 28. g4 Qd7 29. Qd2 Bf8 30. d6 Ra4 31. Rxa4 Bxa4 32. Rc1 Rxc1+ 33. Qxc1 Qb5 34. Qc3 Bb3 35. h4 Bd5 36. f4 Qa4+ 37. Ba3 Qd1+ 38. Bc1 Qxg4 39. Qc7 Qg2 40. Bb2 Qf1+ 41. Qc1 Qxc1+ 42. Bxc1 g6 43. Ba3 Bc6 44. d5 Bd7 45. Ka2 Kg7 46. Ka1 h6 47. Bc5 Kg8 48. Kb2 Bg7 49. Bd4 Kf8 50. Kc3 Ke8 51. Kd3 Bf5+ 52. Ke3 Bf8 53. Bc5 Kd7 54. Kf3 1/2-1/2

[Event "Malaga op 13th"]
[Site "Malaga"]
[Date "2010.02.25"]
[Round "7"]
[White "Ramos Moreno, Francisco Jose"]
[Black "Gavilan Diaz, Mario"]
[Result "1-0"]
[WhiteElo "2132"]
[BlackElo "2278"]
[PlyCount "93"]
[EventDate "2010.02.20"]
[EventType "swiss"]
[EventRounds "9"]
[EventCountry "ESP"]
[SourceTitle "CBM 135 Extra"]
[Source "ChessBase"]
[SourceDate "2010.05.04"]
[SourceVersion "1"]
[SourceVersionDate "2010.05.04"]
[SourceQuality "1"]

1. b4 e5 2. Bb2 Bxb4 3. Bxe5 Nf6 4. c4 Nc6 5. Bb2 0-0 6. e3 d5 7. cxd5 Nxd5 8. Nf3 Bf5 9. Be2 Re8 10. 0-0 Qd7 11. a3 Bf8 12. d4 a5 13. Bb5 Rad8 14. Nbd2 Qc8 15. Nc4 Qa8 16. Qd2 Nb6 17. Nxb6 cxb6 18. Rfc1 Be4 19. Ng5 Rd5 20. Nxe4 Rxb5 21. Nc3 Rh5 22. Qe2 g6 23. Qf3 Qb8 24. g3 Bg7 25. Na4 Qd8 26. Rcb1 Bf8 27. Rd1 b5 28. Nc5 Qe7 29. Rac1 Rc8 30. e4 Bg7 31. e5 Rf5 32. Qe3 f6 33. f4 fxe5 34. dxe5 Rd8 35. Qb3+ Kh8 36. Qxb5 g5 37. Nxb7 Rxd1+ 38. Rxd1 Nb8 39. Rd8+ Rf8 40. Rxf8+ Qxf8 41. Nd6 gxf4 42. gxf4 h6 43. f5 Kh7 44. f6 Bxf6 45. Qd3+ Kg8 46. exf6 Qd8 47. Qg6+ 1-0

[Event "Malaga op 12th"]
[Site "Malaga"]
[Date "2009.07.14"]
[Round "5"]
[White "Ramos Moreno, Francisco Jose"]
[Black "Gavilan Diaz, Mario"]
[Result "0-1"]
[WhiteElo "2103"]
[BlackElo "2280"]
[PlyCount "44"]
[EventDate "2009.07.11"]
[EventType "swiss"]
[EventRounds "9"]
[EventCountry "ESP"]
[SourceTitle "CBM 131 Extra"]
[Source "ChessBase"]
[SourceDate "2009.09.03"]
[SourceVersion "2"]
[SourceVersionDate "2009.09.16"]
[SourceQuality "1"]

1. e3 e5 2. Nf3 e4 3. Nd4 c5 4. Nb3 d5 5. d4 exd3 6. cxd3 Nf6 7. d4 c4 8. N3d2 Bd6 9. Be2 0-0 10. 0-0 Re8 11. b3 cxb3 12. Qxb3 Nc6 13. Ba3 Nxd4 14. exd4 Rxe2 15. Nf3 Bxa3 16. Qxa3 Bf5 17. Ne5 Qb6 18. Qe7 Qxd4 19. Qxf7+ Kh8 20. Qxb7 Rxe5 21. Nc3 Rae8 22. Nb5 Qxa1 0-1

[Event "Malaga op 12th"]
[Site "Malaga"]
[Date "2009.07.12"]
[Round "2"]
[White "Velasco Gomez, Esperanza"]
[Black "Ramos Moreno, Francisco Jose"]
[Result "1/2-1/2"]
[WhiteElo "1851"]
[BlackElo "2103"]
[PlyCount "61"]
[EventDate "2009.07.11"]
[EventType "swiss"]
[EventRounds "9"]
[EventCountry "ESP"]
[SourceTitle "CBM 131 Extra"]
[Source "ChessBase"]
[SourceDate "2009.09.03"]
[SourceVersion "2"]
[SourceVersionDate "2009.09.16"]
[SourceQuality "1"]

1. e4 Nf6 2. e5 Nd5 3. d4 e6 4. Nf3 b6 5. c4 Bb4+ 6. Nbd2 Ne7 7. Bd3 Bb7 8. 0-0 Bxd2 9. Bxd2 d5 10. Bg5 Nbc6 11. a3 Qd7 12. b4 dxc4 13. Be4 0-0-0 14. b5 Na5 15. Bxb7+ Kxb7 16. Qa4 h6 17. Bd2 Nb3 18. Rad1 Qd5 19. Bc3 g5 20. Nd2 Nxd2 21. Rxd2 Ng6 22. g3 g4 23. Rb1 h5 24. Rb4 Ra8 25. Rxc4 h4 26. Rc2 Qf3 27. Be1 Rhc8 28. Qb4 h3 29. Kf1 Qh1+ 30. Ke2 Qf3+ 31. Kf1 1/2-1/2

[Event "Malaga op 12th"]
[Site "Malaga"]
[Date "2009.07.11"]
[Round "1"]
[White "Ramos Moreno, Francisco Jose"]
[Black "Suba, Mihai"]
[Result "0-1"]
[WhiteElo "2103"]
[BlackElo "2540"]
[PlyCount "78"]
[EventDate "2009.07.11"]
[EventType "swiss"]
[EventRounds "9"]
[EventCountry "ESP"]
[SourceTitle "CBM 131 Extra"]
[Source "ChessBase"]
[SourceDate "2009.09.03"]
[SourceVersion "2"]
[SourceVersionDate "2009.09.16"]
[SourceQuality "1"]

1. b4 e5 2. Bb2 Bxb4 3. Bxe5 Nf6 4. Nc3 0-0 5. Bxf6 Qxf6 6. Nd5 Qd6 7. Nxb4 Qxb4 8. e3 Re8 9. Nf3 b6 10. c4 Bb7 11. Be2 Na6 12. 0-0 Nc5 13. d4 Ne4 14. Bd3 Qe7 15. Qc2 Nf6 16. Nd2 c5 17. d5 d6 18. Rae1 b5 19. e4 bxc4 20. Nxc4 Ba6 21. Na5 Qc7 22. Bxa6 Qxa5 23. Bb7 Rab8 24. Bc6 Red8 25. Rb1 Rb4 26. f3 Rdb8 27. h3 g6 28. Qc3 Qb6 29. Rbe1 Rd4 30. Rb1 Qxb1 31. Rxb1 Rxb1+ 32. Kh2 Nh5 33. a4 Rdd1 34. g4 Rbc1 35. Qb2 Rh1+ 36. Kg2 Nf4+ 37. Kg3 g5 38. Qf6 Rcg1+ 39. Kf2 Rg2+ 0-1

[Event "Tenerife-chT"]
[Site "Tenerife"]
[Date "2005.04.23"]
[Round "12"]
[White "Martin Clemente, Joel"]
[Black "Ramos Moreno, Francisco Jose"]
[Result "0-1"]
[WhiteElo "2097"]
[BlackElo "2071"]
[PlyCount "104"]
[EventDate "2005.01.15"]
[EventType "team"]
[EventRounds "12"]
[EventCountry "ESP"]
[SourceTitle "EXT 2006"]
[Source "ChessBase"]
[SourceDate "2005.11.24"]
[SourceVersion "1"]
[SourceVersionDate "2005.11.24"]
[SourceQuality "1"]

1. e4 c5 2. Nf3 Nc6 3. d4 cxd4 4. Nxd4 Nf6 5. Nc3 e5 6. Ndb5 d6 7. Bg5 a6 8. Na3 b5 9. Nd5 Be7 10. Bxf6 Bxf6 11. c3 Bg5 12. Nc2 Rb8 13. b4 0-0 14. a4 f5 15. axb5 axb5 16. Bd3 Be6 17. Qe2 fxe4 18. Bxe4 Ne7 19. Qd3 Kh8 20. 0-0 Nxd5 21. Bxd5 Bf5 22. Qe2 Qc7 23. Ra3 Bg6 24. Ne3 Bf7 25. Be4 Bxe3 26. Qxe3 d5 27. Bd3 Qd6 28. f4 e4 29. Be2 Qf6 30. Rd1 Be6 31. g3 Rfc8 32. Rd4 Rc6 33. h4 h6 34. h5 Qf8 35. g4 Ra8 36. Rxa8 Qxa8 37. Rd1 Qc8 38. Rc1 Bxg4 39. Bxb5 Rc7 40. Bf1 Bf3 41. Kf2 Qg4 42. Ke1 Qh4+ 43. Kd2 Qh2+ 44. Ke1 Qb2 45. Qd2 Qb3 46. Be2 Bxe2 47. Kxe2 Ra7 48. Rc2 Ra1 49. Kf2 d4 50. Kg2 e3 51. Qd3 Qd5+ 52. Kg3 Rg1+ 0-1

[Event "Malaga-ch"]
[Site "Malaga"]
[Date "2005.02.06"]
[Round "6"]
[White "Ramos Moreno, Francisco Jose"]
[Black "Dominguez Garcia, Francisco"]
[Result "1-0"]
[WhiteElo "2066"]
[BlackElo "2019"]
[PlyCount "34"]
[EventDate "2005.01.22"]
[EventType "swiss"]
[EventRounds "9"]
[EventCountry "ESP"]
[SourceTitle "CBM 105 Extra"]
[Source "ChessBase"]
[SourceDate "2005.05.01"]
[SourceVersion "1"]
[SourceVersionDate "2005.05.01"]
[SourceQuality "1"]

1. e4 d5 2. exd5 Nf6 3. d4 Bg4 4. Be2 Bxe2 5. Qxe2 Qxd5 6. Nf3 Nc6 7. Nc3 Qh5 8. Qb5 Qxb5 9. Nxb5 Rc8 10. Ne5 Nxe5 11. dxe5 Nd5 12. Nxa7 Ra8 13. Nb5 Ra5 14. c4 e6 15. Bd2 Nb4 16. 0-0 c6 17. Nd6+ Kd7 1-0

[Event "Malaga-ch"]
[Site "Malaga"]
[Date "2005.01.30"]
[Round "4"]
[White "Ramos Moreno, Francisco Jose"]
[Black "Pedraza Fernandez, Miguel Angel"]
[Result "0-1"]
[WhiteElo "2066"]
[BlackElo "1960"]
[PlyCount "80"]
[EventDate "2005.01.22"]
[EventType "swiss"]
[EventRounds "9"]
[EventCountry "ESP"]
[SourceTitle "CBM 105 Extra"]
[Source "ChessBase"]
[SourceDate "2005.05.01"]
[SourceVersion "1"]
[SourceVersionDate "2005.05.01"]
[SourceQuality "1"]

1. e4 c5 2. Nf3 Nc6 3. d4 cxd4 4. Nxd4 g6 5. c4 Bg7 6. Be3 Nf6 7. Nc3 Qa5 8. Nb3 Qd8 9. Be2 0-0 10. 0-0 d6 11. f3 Be6 12. Qd2 Na5 13. Nxa5 Qxa5 14. Bd4 Rfc8 15. b3 a6 16. Qb2 Rab8 17. Nd5 Bxd5 18. cxd5 b5 19. Rac1 Qd8 20. Rc6 Rxc6 21. dxc6 Ne8 22. Bxg7 Nxg7 23. Rc1 Qb6+ 24. Kh1 Rc8 25. Qc3 Ne6 26. a4 b4 27. Qc4 Nc5 28. e5 Rxc6 29. exd6 exd6 30. Qd5 a5 31. Bc4 Qc7 32. Re1 Ne6 33. f4 Rc5 34. Qa8+ Qc8 35. Qxc8+ Rxc8 36. Rxe6 d5 37. Re5 dxc4 38. bxc4 Rxc4 39. h3 b3 40. Re2 Rxa4 0-1